Guess the American Country - Statistics

General Stats
  • This quiz has been taken 81 times
    79 since last reset
  • The average score is 13 of 18
Answer Stats
Hint American Country % Correct
Most Populous American Country United States
100%
Largest American Country (By Area) Canada
92%
Second Most Populous American Country Brazil
88%
Southernmost American Country Chile
76%
Only American Countries which are landlocked Paraguay
76%
Largest Caribbean Island Nation (By Area) Cuba
75%
Two American Countries on the Caribbean Island of Hispaniola Haiti
75%
Bolivia
73%
American Country which the above shares its longest border with Argentina
71%
American Country with the most Spanish Speakers Mexico
71%
American Country that has the Highest Inflation Rate in the continent and the world Venezuela
71%
Dominican Republic
69%
American Country that is closest to Florida Bahamas
68%
Southernmost Caribbean Island Trinidad and Tobago
68%
North American Country that only has a Pacific Coast El Salvador
64%
American Country which has a capital named "Quito" Ecuador
63%
American Country which has a capital named "Managua" Nicaragua
59%
American Country that has the second-highest murder rate in the continent Jamaica
46%
No matching quizzes found
Score Distribution
Percent of People with Each Score
Percentile by Number Answered
Your Score History
You have not taken this quiz since the last reset